Arrival of the Portuguese in India - UPSC G.S. 1 (History) - Statistics

General Stats
  • This quiz has been taken 38 times
  • The average score is 4 of 8
Answer Stats
Question Answer % Correct
Who was the first Portuguese viceroy in India? Francisco de Almeida
79%
What was the main reason for the decline of the Portuguese power in India? Competition from the British and Dutch
71%
Which of the following was the main objective of the Portuguese in India? Control over the spice trade
71%
Which fort was the first Portuguese fortress established in India? Fort Kochi
57%
Which Indian ruler did the Portuguese support against the Zamorin of Calicut? Cochin ruler Unni Goda Varma
43%
Which city served as the headquarters of the Portuguese in India? Goa
36%
What significant event marked the end of the Portuguese monopoly over Indian waters? Battle of Swally
21%
Which treaty allowed the Portuguese to trade and settle in the western coast of India? Treaty of Bassein
21%
No matching quizzes found
Score Distribution
Percent of People with Each Score
Percentile by Number Answered
Your Score History
You have not taken this quiz